[Event "RUS-ch Men Rapid 2019"]
[Site "Sochi"]
[Date "2019.10.16"]
[Round "8.9"]
[White "Antipov, Mikhail Al."]
[Black "Potapov, Pavel"]
[Result "1-0"]
[WhiteElo "2567"]
[BlackElo "2489"]
[Annotator "TA"]
[PlyCount "63"]
[EventDate "2019.10.15"]
[EventType "swiss"]
[EventCountry "RUS"]
[SourceTitle "playchess.com"]
[Source "ChessBase"]
[SourceQuality "1"]

{[%evp 24,63,51,29,30,13,29,27,35,33,29,13,26,0,0,0,0,0,0,0,0,0,2,0,0,0,80,100,196,184,260,253,252,251,1175,1147,1124,1072,29989,1032,29990,29991]} 1. e4 c5 2. Nf3 Nc6 3. Bb5 g6 4. Bxc6 bxc6 5. O-O Bg7 6. Re1 Nh6 7. c3 f6 8. d4 cxd4 9. cxd4 Nf7 10. Nc3 d6 11. h3 O-O 12. b3 e5 13. Bb2 Re8 {B31: Sicilian: 2...Nc6 3 Bb5 g6} 14. Rc1 {[#]} Bb7 $146 ({Predecessor:} 14... Ba6 15. Qc2 Rc8 16. Rcd1 Qc7 17. Ne2 Qb7 18. Ng3 c5 19. dxe5 dxe5 20. Nd2 Nd6 21. Bc3 {1-0 (67) Chigaev,M (2637)-Pridorozhni,A (2588) Kazan 2019}) 15. Qc2 Rc8 {White has an edge.} 16. Rcd1 Qc7 17. Na4 Ba6 18. Bc1 exd4 19. Nxd4 {[#]} f5 $1 {[%mdl 512]} 20. Nf3 (20. exf5 Rxe1+) 20... fxe4 21. Rxe4 Rxe4 22. Qxe4 c5 23. Ng5 Nxg5 24. Bxg5 Be5 {[#]} (24... c4 $11) 25. Bf4 $1 $16 {[%cal Rf4e5]} Bb7 (25... Bd4 $16 {keeps fighting.}) 26. Qc4+ $18 Kh8 (26... Kf8 {was worth a try.} 27. Bxe5 dxe5) 27. Bxe5+ dxe5 28. Qe6 {Black must now prevent Rd7!} e4 $2 {[#]} (28... Qc6 29. Qxe5+ Kg8) 29. Rd7 $1 {[%mdl 512] White threatens Qf6+ and mate.} Qf4 30. Rf7 ({Worse is} 30. Rxb7 Qc1+ 31. Kh2 Qf4+ 32. g3 (32. Kh1 Qc1+ 33. Kh2 Qf4+ {[%mdl 64] Double Attack} 34. g3 Qxf2+ {[%mdl 64] Double Attack} 35. Kh1 Qf3+ 36. Kg1 Qxg3+ 37. Kh1 Qf3+ 38. Kg1 Qg3+ 39. Kh1 Rf8 $11) 32... Qxf2+ {[%mdl 64] Double Attack} 33. Kh1 Qf3+ 34. Kg1 Qxg3+ 35. Kh1 Qe1+ 36. Kg2 Qe2+ 37. Kg1 Qe1+ 38. Kg2 Qe2+ 39. Kg1 Qe1+ 40. Kg2 $11) 30... Qc1+ 31. Kh2 {Qf6+ would kill now.} Qg5 32. Nxc5 {[%mdl 64] Double Attack. Accuracy: White = 82%, Black = 41%.} ({Stronger than} 32. Rxb7 Qf4+ {[%mdl 64] Double Attack} 33. Kh1 Qc1+ 34. Kh2 Qf4+ {[%mdl 64] Double Attack} 35. g3 (35. Kh1 Qc1+ 36. Kh2 Qf4+ $11 {[%mdl 64] Double Attack}) 35... Qxf2+ {[%mdl 64] Double Attack} 36. Kh1 Qf3+ 37. Kg1 Qxg3+ 38. Kh1 Rf8 $11) 1-0

[Event "RUS-ch Men Rapid 2019"]
[Site "Sochi"]
[Date "2019.10.16"]
[Round "8.10"]
[White "Moiseenko, Vadim"]
[Black "Nazaretyan, Tigran"]
[Result "1-0"]
[WhiteElo "2532"]
[BlackElo "2297"]
[Annotator "ChessBase"]
[PlyCount "129"]
[EventDate "2019.10.15"]
[EventType "swiss"]
[EventCountry "RUS"]
[SourceTitle "playchess.com"]
[Source "ChessBase"]
[SourceQuality "1"]
[TimeControl "900+10"]

1. Nc3 {[%emt 0:00:00]} c5 {[%emt 0:00:18]} 2. e4 {[%emt 0:00:00]} Nc6 {[%emt 0:00:05]} 3. Bb5 {[%emt 0:00:00]} Nd4 {[%emt 0:00:04]} 4. Nf3 {[%emt 0:00:01]} a6 {[%emt 0:00:11]} 5. Bd3 {[%emt 0:00:03]} Nc6 {[%emt 0:00:02]} 6. O-O {[%emt 0:00:07]} d6 {[%emt 0:00:26]} 7. a3 {[%emt 0:00:42]} g6 {[%emt 0:00:29]} 8. Nd5 {[%emt 0:00:11]} Bg7 {[%emt 0:00:27]} 9. c3 {[%emt 0:00:02]} e6 {[%emt 0:00:50]} 10. Ne3 {[%emt 0:00:02]} Nge7 {[%emt 0:00:27]} 11. Bc2 {[%emt 0:00:02]} d5 {[%emt 0:00:10]} 12. d3 {[%emt 0:00:46]} d4 {[%emt 0:00:21]} 13. cxd4 {[%emt 0:00:43]} cxd4 {[%emt 0:00:04]} 14. Nc4 {[%emt 0:00:07]} b5 {[%emt 0:00:14]} 15. Ncd2 {[%emt 0:00:01]} e5 {[%emt 0:00:32]} 16. Nb3 {[%emt 0:00:42]} Qd6 {[%emt 0:00:48]} 17. a4 {[%emt 0:00:08]} Rb8 {[%emt 0:00:10]} 18. axb5 {[%emt 0:00:13]} axb5 {[%emt 0:00:09]} 19. Bd2 {[%emt 0:00:14]} O-O {[%emt 0:00:13]} 20. Rc1 {[%emt 0:00:06]} f5 {[%emt 0:01:06]} 21. Ne1 {[%emt 0:00:12]} fxe4 {[%emt 0:00:17]} 22. dxe4 {[%emt 0:00:02]} Be6 {[%emt 0:00:15]} 23. Nd3 {[%emt 0:00:06]} Kh8 {[%emt 0:00:43]} 24. Nbc5 {[%emt 0:00:05]} Bc4 {[%emt 0:02:07]} 25. Bb3 {[%emt 0:00:09]} Bxb3 {[%emt 0:00:20]} 26. Qxb3 {[%emt 0:00:02]} h6 {[%emt 0:01:33]} 27. Qe6 {[%emt 0:01:10]} Rf6 {[%emt 0:01:06]} 28. Qh3 {[%emt 0:00:15]} Rf7 {[%emt 0:02:19]} 29. Bxh6 {[%emt 0:00:03]} Bxh6 {[%emt 0:00:01]} 30. Qxh6+ {[%emt 0:00:02]} Rh7 {[%emt 0:00:01]} 31. Qg5 {[%emt 0:00:01]} Rh5 {[%emt 0:00:14]} 32. Qg4 {[%emt 0:00:04]} Rf8 {[%emt 0:01:08]} 33. Qe6 {[%emt 0:00:10]} Qxe6 {[%emt 0:00:07]} 34. Nxe6 {[%emt 0:00:01]} Rf6 {[%emt 0:00:31]} 35. Nc7 {[%emt 0:00:02]} b4 {[%emt 0:00:20]} 36. f3 {[%emt 0:00:42]} Rd6 {[%emt 0:00:55]} 37. Rc5 {[%emt 0:00:25]} Rd7 {[%emt 0:00:34]} 38. Ne8 {[%emt 0:00:10]} Rd8 {[%emt 0:01:04]} 39. Nf6 {[%emt 0:00:02]} Rh6 {[%emt 0:00:16]} 40. Rd1 {[%emt 0:00:27]} Kg7 {[%emt 0:00:08]} 41. Ng4 {[%emt 0:00:03]} Rh5 {[%emt 0:00:20]} 42. Kf2 {[%emt 0:00:41]} Kf7 {[%emt 0:00:09]} 43. Rdc1 {[%emt 0:00:31]} Ke6 {[%emt 0:00:16]} 44. Rxc6+ {[%emt 0:00:03]} Nxc6 {[%emt 0:00:00]} 45. Rxc6+ {[%emt 0:00:01]} Rd6 {[%emt 0:00:10]} 46. Rxd6+ {[%emt 0:00:09]} Kxd6 {[%emt 0:00:00]} 47. Nxb4 {[%emt 0:00:03]} Rh8 {[%emt 0:00:02]} 48. Nd3 {[%emt 0:00:01]} g5 {[%emt 0:00:29]} 49. h3 {[%emt 0:01:08]} Rc8 {[%emt 0:00:14]} 50. Ngxe5 {[%emt 0:00:29]} Rc2+ {[%emt 0:00:01]} 51. Kg3 {[%emt 0:00:52]} Ke6 {[%emt 0:00:11]} 52. Ng4 {[%emt 0:00:06]} Kd6 {[%emt 0:00:18]} 53. Ngf2 Kc7 {[%emt 0:00:04]} 54. Kg4 Kb6 55. Kxg5 {[%emt 0:00:17]} Kb5 {[%emt 0:00:01]} 56. h4 {[%emt 0:00:06]} Rc8 {[%emt 0:00:02]} 57. g4 {[%emt 0:00:39]} Rg8+ {[%emt 0:00:09]} 58. Kf4 {[%emt 0:00:02]} Rf8+ {[%emt 0:00:06]} 59. Kg3 {[%emt 0:00:02]} Kc4 {[%emt 0:00:00]} 60. g5 {[%emt 0:00:04]} Rb8 {[%emt 0:00:11]} 61. h5 {[%emt 0:00:04]} Rb3 {[%emt 0:00:01]} 62. g6 {[%emt 0:00:03]} Rb5 {[%emt 0:00:13]} 63. Kg4 {[%emt 0:00:03]} Rb7 {[%emt 0:00:21]} 64. h6 {[%emt 0:00:09]} Rb6 {[%emt 0:00:01]} 65. g7 1-0

[Event "RUS-ch Men Rapid 2019"]
[Site "Sochi"]
[Date "2019.10.16"]
[Round "8.11"]
[White "Sakaev, Konstantin"]
[Black "Pogromsky, Mikhail"]
[Result "1-0"]
[WhiteElo "2595"]
[BlackElo "2411"]
[Annotator "TA"]
[PlyCount "55"]
[EventDate "2019.10.15"]
[EventType "swiss"]
[EventCountry "RUS"]
[SourceTitle "playchess.com"]
[Source "ChessBase"]
[SourceQuality "1"]

{[%evp 17,55,6,23,19,50,16,68,75,91,79,76,84,89,79,82,87,151,151,166,181,153,195,162,159,219,197,243,0,0,0,135,0,940,399,400,409,2772,2664,29988,29989]} 1. d4 Nf6 2. c4 e6 3. Nc3 Bb4 4. f3 d5 5. a3 Bxc3+ 6. bxc3 c5 7. cxd5 Nxd5 8. dxc5 Qa5 9. e4 Ne7 10. Be3 {E25: Nimzo-Indian: Sämisch: 5...c5 6 f3 d5 7 cxd5} Nd7 (10... O-O 11. Qb3 Qc7 12. Bb5 Nec6 13. Ne2 Na5 14. Qb4 e5 15. O-O Na6 16. Bxa6 bxa6 17. Rad1 Be6 18. Rd5 Rab8 19. Qa4 Bxd5 20. exd5 {1-0 (31) Vidit,S (2707)-Vaibhav,S (2599) Xingtai 2019}) 11. Qb3 Nc6 ({Black should play} 11... Qc7 $11) 12. Bb5 $14 {White is slightly better.} a6 13. Bxc6 bxc6 14. Qb4 Qc7 15. Ne2 $146 ({Predecessor:} 15. Nh3 O-O 16. O-O e5 17. Rfd1 Nf6 18. Qb6 {1-0 (50) Van Ketel,R (2264)-Roozendaal,M (1951) Leiden 2015}) 15... a5 16. Qd4 Qe5 (16... e5 $142 17. Qd6 Qxd6 18. cxd6 Ba6) 17. Bf4 $16 Qxc5 18. Qxg7 Rf8 19. Rd1 (19. Qxh7 $6 Ba6 $14) 19... e5 20. Bh6 Ba6 (20... Rb8 $16 {was called for.}) 21. Qg4 {[%csl Gd1][%cal Rg4d7] [#]} (21. Qxh7 O-O-O $11) 21... Nf6 22. Qg5 $2 (22. Qf5 $18 Rg8 23. Bg5 (23. Qxf6 Rxg2 24. Qh8+ {[%mdl 64] Double Attack} Ke7 $11) 23... Bxe2 24. Kxe2) 22... Rg8 $11 23. Qxf6 Bxe2 {[#]} (23... Rxg2 $11 {remains equal.} 24. Rd2 (24. Qh8+ Ke7 $11) 24... Bxe2 25. Rxe2 Rg1+ {[%mdl 64] Double Attack} 26. Kd2 (26. Rxg1 $2 Qxg1+ 27. Kd2 Rd8+ 28. Qxd8+ Kxd8 $19) 26... Rxh1) 24. Rd2 $40 {[%mdl 128] White is up to no good.} (24. Rd6 $1 $16 {[%cal Rd6e6] Strongly threatening Re6+!} Bc4 25. Rxc6 (25. Bg5 $2 Rxg5 {[%mdl 64] Deflection} 26. Qxg5 Qxd6 $19)) 24... Rb8 $2 {[%mdl 8192]} (24... Rxg2 $11 25. Rf1 (25. Rxe2 Rg1+ {[%mdl 64] Double Attack} 26. Kd2 Rxh1 $11) 25... Qb5 26. Qh8+ {[%mdl 64] Double Attack} Ke7 27. Bg5+ Rxg5 28. Qxa8 Qb1+ 29. Kxe2 Rg2+ {[%mdl 64] Double Attack} 30. Ke3 (30. Rf2 Qb5+ 31. Ke3 Qc5+ 32. Kd3 Rxf2 $11) 30... Qb6+ 31. Kd3 Qb5+ 32. Kc2 Qa4+ 33. Kd3 Qb5+ 34. Kc2 Qa4+ 35. Kd3 Qb5+) 25. Bg5 ({Wrong is} 25. Rxe2 $2 Rb1+ 26. Kd2 Rb2+ 27. Kd1 (27. Kd3 $2 {leads to mate.} Qb5+ 28. c4 Qb3#) 27... Rxe2 $19) (25. Be3 $142 Qxe3 26. Qxe5+ {[%mdl 64] Double Attack} Kf8 27. Qxb8+ Kg7 28. Qg3+ Kh6 29. Qh4+ (29. Rxe2 Qxc3+ 30. Kf2 Qd4+ 31. Ke1 Rxg3 $11) 29... Kg7 30. Qg3+ Kh6 31. Qh4+ (31. Rxe2 Qxc3+ 32. Rd2 Rxg3 $11) 31... Kg7 32. Rxe2 Qxc3+ 33. Kf2) 25... Rxg5 $18 26. Qxg5 Bxf3 (26... Bc4 $142 27. Qg8+ Qf8 28. Qxf8+ (28. Qxh7 Rb1+ 29. Rd1 Rxd1+ 30. Kxd1 Qxa3 $11) 28... Kxf8) 27. gxf3 Rb1+ 28. Ke2 {Accuracy: White = 71%, Black = 34%.} 1-0

[Event "RUS-ch Men Rapid 2019"]
[Site "Sochi"]
[Date "2019.10.16"]
[Round "8.12"]
[White "Faizrakhmanov, Ramil"]
[Black "Triapishko, Alexandr"]
[Result "1/2-1/2"]
[WhiteElo "2434"]
[BlackElo "2514"]
[Annotator "TA"]
[PlyCount "59"]
[EventDate "2019.10.15"]
[EventType "swiss"]
[EventCountry "RUS"]
[SourceTitle "playchess.com"]
[Source "ChessBase"]
[SourceQuality "1"]

{[%evp 13,59,-2,9,0,5,8,4,-26,0,0,0,-4,38,33,40,36,41,41,40,36,26,-7,39,35,32,36,37,0,0,0,0,0,0,0,0,0,15,0,0,0,0,-7,0,0,0,-11,0,0]} 1. d4 Nf6 2. Nf3 e6 3. c4 d5 4. Nc3 Bb4 5. e3 O-O 6. Bd2 b6 7. cxd5 exd5 8. Bd3 {E51: Nimzo-Indian: Rubinstein: 4...0-0 5 Nf3 d5} c5 (8... Bb7 9. O-O Bd6 10. Rc1 c5 11. Ne5 Nc6 12. Ng4 Nxg4 13. Qxg4 c4 14. Bb1 Ne7 15. Nb5 f5 16. Qe2 a6 17. Nxd6 Qxd6 18. f3 b5 19. Be1 Ng6 20. Ba5 Ne7 21. Be1 Ng6 22. Ba5 Ne7 23. Be1 {½-½ (23) Nakamura,H (2743)-Giri,A (2779) Saint Louis 2019}) 9. O-O Nc6 10. h3 $146 ({Predecessor:} 10. a3 Bxc3 11. Bxc3 c4 12. Ne5 Ne7 13. Bc2 Bf5 14. b3 b5 15. bxc4 bxc4 16. Rb1 Bxc2 17. Qxc2 Qc7 18. f3 Rfb8 19. Qa4 Ng6 20. Rfd1 h5 21. Kf1 Rxb1 {½-½ (21) Sage,F (2342)-Laliga,O (2263) ICCF email 2016}) 10... Be6 11. Ne5 Nxe5 12. dxe5 Ne4 (12... Bxc3 $5 13. Bxc3 Ne4 $11) 13. Bxe4 dxe4 14. Nxe4 Qd5 15. Bxb4 {[#] And now Nxc5 would win.} Qxe4 16. Bc3 Rfd8 17. Qh5 Rd3 18. Rfd1 Rad8 {[#] Threatens to win with ...Bxh3!} 19. Rxd3 Rxd3 20. a4 a5 {The position is equal.} 21. Qg5 h6 22. Qg3 Kh7 23. Kh2 Qg6 24. Qf4 Qf5 25. g4 Qxf4+ 26. exf4 g6 27. Kg2 Bd5+ 28. Kh2 Be6 29. Kg2 Bd5+ 30. Kh2 {Accuracy: White = 61%, Black = 69%.} 1/2-1/2

[Event "RUS-ch Men Rapid 2019"]
[Site "Sochi"]
[Date "2019.10.16"]
[Round "8.13"]
[White "Glek, Igor"]
[Black "Savchenko, Boris"]
[Result "1-0"]
[WhiteElo "2467"]
[BlackElo "2581"]
[Annotator "ChessBase"]
[PlyCount "111"]
[EventDate "2019.10.15"]
[EventType "swiss"]
[EventCountry "RUS"]
[SourceTitle "playchess.com"]
[Source "ChessBase"]
[SourceQuality "1"]
[TimeControl "900+10"]

1. e4 {[%emt 0:00:11]} c5 {[%emt 0:00:02]} 2. Nf3 {[%emt 0:00:02]} e6 {[%emt 0:00:02]} 3. Nc3 {[%emt 0:00:03]} a6 {[%emt 0:00:18]} 4. g3 {[%emt 0:00:03]} b5 {[%emt 0:00:02]} 5. Bg2 {[%emt 0:00:01]} Bb7 {[%emt 0:00:01]} 6. d3 {[%emt 0:00:01]} d6 {[%emt 0:00:16]} 7. O-O {[%emt 0:00:03]} Nf6 {[%emt 0:00:02]} 8. Ng5 {[%emt 0:00:05]} h6 {[%emt 0:00:06]} 9. Nh3 {[%emt 0:00:20]} d5 {[%emt 0:00:25]} 10. e5 {[%emt 0:02:08]} Nfd7 {[%emt 0:00:54]} 11. f4 {[%emt 0:01:50]} g6 {[%emt 0:02:46]} 12. Ne2 {[%emt 0:00:52]} Nc6 {[%emt 0:01:31]} 13. c3 {[%emt 0:00:15]} c4 {[%emt 0:01:06]} 14. d4 {[%emt 0:00:14]} a5 {[%emt 0:00:09]} 15. g4 {[%emt 0:00:12]} h5 {[%emt 0:00:04]} 16. f5 {[%emt 0:00:05]} hxg4 {[%emt 0:01:27]} 17. fxe6 {[%emt 0:00:02]} Ndxe5 {[%emt 0:00:01]} 18. dxe5 {[%emt 0:02:18]} Bc5+ {[%emt 0:00:02]} 19. Nf2 {[%emt 0:04:49]} Nxe5 {[%emt 0:01:13]} 20. exf7+ {[%emt 0:00:02]} Kxf7 {[%emt 0:00:11]} 21. Nd4 {[%emt 0:00:22]} Kg8 {[%emt 0:00:19]} 22. Bf4 {[%emt 0:00:32]} Qf6 {[%emt 0:01:48]} 23. Bxe5 {[%emt 0:00:39]} Qxe5 {[%emt 0:00:02]} 24. Nxg4 {[%emt 0:00:01]} Qg5 {[%emt 0:00:06]} 25. Qe2 {[%emt 0:00:16]} Kg7 {[%emt 0:01:48]} 26. Qe6 {[%emt 0:02:20]} Qe7 {[%emt 0:01:15]} 27. Qxe7+ {[%emt 0:00:18]} Bxe7 {[%emt 0:00:02]} 28. Ne6+ {[%emt 0:00:03]} Kg8 {[%emt 0:00:01]} 29. Nf6+ {[%emt 0:00:13]} Kf7 {[%emt 0:00:03]} 30. Nxd5+ {[%emt 0:00:40]} Kxe6 {[%emt 0:00:02]} 31. Nf4+ {[%emt 0:00:09]} Kd7 {[%emt 0:00:27]} 32. Bxb7 {[%emt 0:00:07]} Raf8 {[%emt 0:00:14]} 33. Rad1+ {[%emt 0:00:29]} Bd6 {[%emt 0:00:02]} 34. Nxg6 {[%emt 0:00:22]} Rxf1+ {[%emt 0:00:13]} 35. Kxf1 {[%emt 0:00:06]} Rxh2 {[%emt 0:00:03]} 36. Bg2 {[%emt 0:00:10]} Kc7 {[%emt 0:00:08]} 37. Rd5 {[%emt 0:00:03]} Rh6 {[%emt 0:00:07]} 38. Ne5 {[%emt 0:00:06]} Rf6+ {[%emt 0:00:08]} 39. Nf3 {[%emt 0:00:01]} Kb6 {[%emt 0:00:01]} 40. Ke2 {[%emt 0:00:07]} Re6+ {[%emt 0:00:08]} 41. Kd1 {[%emt 0:00:02]} Rh6 {[%emt 0:00:22]} 42. Bf1 {[%emt 0:00:06]} a4 {[%emt 0:00:03]} 43. a3 {[%emt 0:00:04]} Bc5 {[%emt 0:00:09]} 44. Ne5 {[%emt 0:00:09]} Be7 {[%emt 0:00:33]} 45. Bg2 {[%emt 0:00:14]} Rh2 {[%emt 0:00:04]} 46. Rd2 {[%emt 0:00:10]} Bg5 {[%emt 0:00:02]} 47. Re2 {[%emt 0:00:04]} Bf4 {[%emt 0:00:02]} 48. Nd7+ {[%emt 0:00:06]} Ka5 {[%emt 0:00:05]} 49. Nc5 {[%emt 0:00:00]} Kb6 {[%emt 0:00:09]} 50. Re6+ {[%emt 0:00:00]} Kc7 {[%emt 0:00:05]} 51. Rc6+ {[%emt 0:00:00]} Kb8 {[%emt 0:00:01]} 52. Rb6+ {[%emt 0:00:00]} Kc7 {[%emt 0:00:03]} 53. Rg6 {[%emt 0:00:31]} Be3 {[%emt 0:00:06]} 54. Ne6+ {[%emt 0:00:35]} Kb6 {[%emt 0:00:02]} 55. Nd4+ {[%emt 0:00:04]} Ka5 {[%emt 0:00:17]} 56. Bb7 {[%emt 0:00:08]} 1-0

[Event "RUS-ch Men Rapid 2019"]
[Site "Sochi"]
[Date "2019.10.16"]
[Round "8.14"]
[White "Yuffa, Daniil"]
[Black "Tekeyev, Zaur"]
[Result "0-1"]
[WhiteElo "2577"]
[BlackElo "2384"]
[Annotator "RC"]
[PlyCount "70"]
[EventDate "2019.10.15"]
[EventType "swiss"]
[EventCountry "RUS"]
[SourceTitle "playchess.com"]
[Source "ChessBase"]
[SourceQuality "1"]
[TimeControl "900+10"]

1. d4 {[%emt 0:00:00]} Nf6 {[%emt 0:00:00]} 2. c4 {[%emt 0:00:00]} g6 {[%emt 0:00:00]} 3. Nc3 {[%emt 0:00:00]} Bg7 {[%emt 0:00:00]} 4. e4 {[%emt 0:00:00]} d6 {[%emt 0:00:00]} 5. Nf3 {[%emt 0:00:01]} O-O {[%emt 0:00:00]} 6. Be2 {[%emt 0:00:02]} e5 {[%emt 0:00:40]} 7. d5 {[%emt 0:00:01]} a5 {[%emt 0:00:32]} 8. Bg5 {[%emt 0:00:01]} h6 {[%emt 0:00:01]} 9. Be3 {[%emt 0:00:02]} Ng4 {[%emt 0:00:10]} 10. Bd2 {[%emt 0:00:01]} f5 {[%emt 0:00:01]} 11. exf5 {[%emt 0:00:14]} gxf5 {[%emt 0:00:02]} 12. h3 {[%emt 0:00:01]} Nf6 {[%emt 0:00:04]} 13. Qc1 {[%emt 0:00:01]} f4 {[%emt 0:00:19]} 14. g3 {[%emt 0:00:01]} e4 {[%emt 0:00:01]} 15. Nh4 {[%emt 0:00:02]} e3 {[%emt 0:00:01]} 16. fxe3 {[%emt 0:00:01]} fxg3 {[%emt 0:00:01]} 17. Ng6 {[%emt 0:00:03]} Re8 {[%emt 0:00:06]} 18. Nf4 {[%emt 0:00:05]} Ne4 {[%emt 0:07:15]} 19. Nxe4 {[%emt 0:01:55]} Rxe4 {[%emt 0:00:02]} 20. Rg1 {[%emt 0:01:48]} Qh4 {[%emt 0:00:46]} 21. Bc3 {[%emt 0:02:57]} Rxf4 {[%emt 0:04:28]} 22. Bxg7 {[%emt 0:01:32]} g2+ {[%emt 0:00:10]} 23. Kd2 {[%emt 0:00:39]} Rf2 {[%emt 0:00:08]} 24. Qc3 {[%emt 0:02:34]} Bxh3 {[%emt 0:00:35]} 25. Bh8 {[%emt 0:01:10]} Qg5 {[%emt 0:00:43]} 26. Rae1 {[%emt 0:02:39]} Nd7 {[%emt 0:00:02]} 27. Bd4 {[%emt 0:00:36]} Bg4 {[%emt 0:01:20]} 28. Kd1 {[%emt 0:00:23]} Bxe2+ {[%emt 0:00:46]} 29. Rxe2 {[%emt 0:00:00]} Rf1+ {[%emt 0:00:06]} 30. Re1 {[%emt 0:00:01]} Raf8 {[%emt 0:00:47]} 31. Qd3 {[%emt 0:00:44]} Qg4+ {[%emt 0:00:27]} 32. Qe2 {[%emt 0:00:51]} Qxe2+ {[%emt 0:00:11]} 33. Kxe2 {[%emt 0:00:06]} R8f2+ {[%emt 0:00:01]} 34. Kd3 {[%emt 0:00:01]} Rxe1 {[%emt 0:00:07]} 35. Rxe1 {[%emt 0:00:01]} Rf1 {[%emt 0:00:02]} 0-1

[Event "RUS-ch Men Rapid 2019"]
[Site "Sochi"]
[Date "2019.10.16"]
[Round "8.15"]
[White "Bryakin, Mikhail"]
[Black "Gutenev, Alexander"]
[Result "1/2-1/2"]
[WhiteElo "2440"]
[BlackElo "2469"]
[Annotator "RC"]
[PlyCount "58"]
[EventDate "2019.10.15"]
[EventType "swiss"]
[EventCountry "RUS"]
[SourceTitle "playchess.com"]
[Source "ChessBase"]
[SourceQuality "1"]
[TimeControl "900+10"]

1. d4 Nf6 2. c4 b6 3. Nc3 Bb7 4. d5 e6 5. e4 Bb4 6. Bd3 exd5 7. exd5 Bxc3+ 8. bxc3 O-O 9. Ne2 h6 10. Rg1 Re8 11. Kf1 Ne4 12. Be3 Na6 13. Ng3 Nxg3+ 14. hxg3 Nc5 15. Bxc5 bxc5 16. Rb1 Rb8 17. Rh1 Qf6 18. Qf3 Ba6 19. Rxb8 Rxb8 20. Qxf6 gxf6 21. Rxh6 Rb2 22. Rxf6 d6 23. g4 Rxa2 24. Ke1 Kg7 25. g5 Ra3 26. Kd2 Ra2+ 27. Ke1 Ra1+ 28. Kd2 Ra2+ 29. Ke1 Ra1+ 1/2-1/2

[Event "RUS-ch Men Rapid 2019"]
[Site "Sochi"]
[Date "2019.10.16"]
[Round "8.16"]
[White "Drygalov, Andrey"]
[Black "Savitskiy, Sergey"]
[Result "1-0"]
[WhiteElo "2484"]
[BlackElo "2407"]
[Annotator "ChessBase"]
[PlyCount "93"]
[EventDate "2019.10.15"]
[EventType "swiss"]
[EventCountry "RUS"]
[SourceTitle "playchess.com"]
[Source "ChessBase"]
[SourceQuality "1"]
[TimeControl "900+10"]

1. e4 {[%emt 0:00:00]} c5 {[%emt 0:00:00]} 2. Nf3 {[%emt 0:00:00]} d6 {[%emt 0:00:00]} 3. Bb5+ {[%emt 0:00:00]} Nc6 {[%emt 0:00:09]} 4. O-O {[%emt 0:00:00]} Bd7 {[%emt 0:00:01]} 5. Re1 {[%emt 0:00:00]} a6 {[%emt 0:00:05]} 6. Bf1 {[%emt 0:00:00]} Bg4 {[%emt 0:00:06]} 7. h3 {[%emt 0:01:03]} Bxf3 {[%emt 0:00:02]} 8. Qxf3 {[%emt 0:00:01]} g6 {[%emt 0:00:02]} 9. c3 {[%emt 0:00:19]} Bg7 {[%emt 0:00:02]} 10. Qd1 {[%emt 0:00:24]} e6 {[%emt 0:01:29]} 11. d3 {[%emt 0:00:26]} Nge7 {[%emt 0:00:02]} 12. Nd2 {[%emt 0:00:01]} d5 {[%emt 0:02:10]} 13. Nf3 {[%emt 0:00:01]} O-O {[%emt 0:00:38]} 14. e5 {[%emt 0:01:29]} d4 {[%emt 0:00:01]} 15. c4 {[%emt 0:00:18]} h6 {[%emt 0:00:29]} 16. h4 {[%emt 0:00:48]} Nf5 {[%emt 0:03:22]} 17. g3 {[%emt 0:00:01]} h5 {[%emt 0:00:01]} 18. Bh3 {[%emt 0:00:37]} Re8 {[%emt 0:00:14]} 19. Bg5 {[%emt 0:00:41]} Qc7 {[%emt 0:00:01]} 20. Bf4 {[%emt 0:00:07]} Qd8 {[%emt 0:02:41]} 21. Qe2 {[%emt 0:00:33]} b5 {[%emt 0:00:26]} 22. b3 {[%emt 0:01:58]} Rb8 {[%emt 0:00:14]} 23. Bg2 {[%emt 0:00:47]} Qc7 {[%emt 0:00:24]} 24. Rac1 {[%emt 0:01:39]} bxc4 {[%emt 0:01:04]} 25. Rxc4 {[%emt 0:00:01]} Nb4 {[%emt 0:00:01]} 26. Rec1 {[%emt 0:01:35]} Qa5 {[%emt 0:00:39]} 27. Rxc5 {[%emt 0:00:15]} Qxa2 {[%emt 0:00:03]} 28. Nd2 {[%emt 0:00:03]} Nd5 {[%emt 0:00:46]} 29. Bxd5 {[%emt 0:00:25]} exd5 {[%emt 0:00:01]} 30. Qd1 {[%emt 0:00:14]} Rb5 {[%emt 0:02:16]} 31. Rc6 {[%emt 0:01:11]} Qa3 {[%emt 0:00:32]} 32. Ra1 {[%emt 0:00:38]} Qe7 {[%emt 0:00:02]} 33. Nf3 {[%emt 0:01:36]} Qb7 {[%emt 0:00:35]} 34. Rcxa6 {[%emt 0:00:30]} Rxb3 {[%emt 0:00:02]} 35. R6a5 {[%emt 0:00:22]} Rc3 {[%emt 0:01:25]} 36. Kg2 {[%emt 0:00:19]} Qb3 {[%emt 0:00:24]} 37. Qxb3 {[%emt 0:00:01]} Rxb3 {[%emt 0:00:01]} 38. Rxd5 {[%emt 0:00:01]} Rxd3 {[%emt 0:00:03]} 39. Ra7 {[%emt 0:00:01]} Rd1 {[%emt 0:00:42]} 40. Rdd7 {[%emt 0:00:08]} Rf8 {[%emt 0:00:07]} 41. Ng5 {[%emt 0:00:08]} Bh6 {[%emt 0:00:10]} 42. Nxf7 {[%emt 0:01:08]} Nxh4+ {[%emt 0:00:10]} 43. gxh4 {[%emt 0:00:07]} Bxf4 {[%emt 0:00:00]} 44. e6 {[%emt 0:00:01]} Re1 {[%emt 0:00:23]} 45. Ng5 {[%emt 0:00:08]} Be5 {[%emt 0:00:13]} 46. e7 {[%emt 0:00:01]} Re8 {[%emt 0:00:10]} 47. Rd8 {[%emt 0:00:01]} 1-0

[Event "RUS-ch Men Rapid 2019"]
[Site "Sochi"]
[Date "2019.10.16"]
[Round "8.17"]
[White "Nesterov, Arseniy"]
[Black "Zakhartsov, Vladimir"]
[Result "1/2-1/2"]
[WhiteElo "2484"]
[BlackElo "2514"]
[Annotator "TA"]
[PlyCount "66"]
[EventDate "2019.10.15"]
[EventType "swiss"]
[EventCountry "RUS"]
[SourceTitle "playchess.com"]
[Source "ChessBase"]
[SourceQuality "1"]

{[%evp 15,66,15,14,14,26,0,0,-17,0,-10,-19,-37,-31,-45,-45,-45,-45,-44,-23,-44,-47,-91,-31,-28,-23,-35,-37,-33,-20,-20,-10,-35,-20,-20,-13,-20,-16,-16,-24,-35,-3,-10,0,0,0,0,0,0,0,0,0,0,0]} 1. d4 Nf6 2. c4 e6 3. Nc3 Bb4 4. e3 O-O 5. Bd3 b6 6. Nge2 Bb7 7. O-O d5 8. cxd5 exd5 9. a3 {E48: Nimzo-Indian: Rubinstein: 5 Bd3 d5 including 6 Ne2, but excluding 6 a3} Bd6 10. Ng3 (10. b4 c6 11. Rb1 a5 12. f3 axb4 13. axb4 Na6 14. b5 Nb4 15. bxc6 Bxc6 16. Bb5 Bb7 {1-0 (28) Navara,D (2725)-Movsesian,S (2673) Prague 2016}) 10... Re8 11. b4 a6 12. Re1 Nbd7 13. Rb1 Ne4 $146 ({Predecessor:} 13... Bxg3 14. hxg3 Ne4 15. Ne2 Ndf6 {1-0 (68) Cruz,C (2563)-Alarcon Casellas,R (2378) Montcada 2014}) 14. Ncxe4 dxe4 15. Bc4 b5 16. Bb3 Nf6 17. Bb2 Bd5 18. Rc1 a5 (18... Bxb3 $17 19. Qxb3 Ng4) 19. Nh5 $15 {[#] Black must now prevent Nxf6+.} Bxb3 20. Nxf6+ Qxf6 21. Qxb3 axb4 22. axb4 Ra4 23. Bc3 Qe6 24. d5 Qe7 25. Ra1 Rea8 {[%cal Rd6b4]} 26. Rxa4 bxa4 27. Qc4 h6 28. Ra1 {The position is equal.} Be5 29. g3 Bxc3 30. Qxc3 Qd6 31. Qc2 Qxb4 32. Qxc7 Qb2 33. Rf1 a3 {Accuracy: White = 60%, Black = 44%.} 1/2-1/2